Miguel Strogoff

Guardat en:
Dades bibliogràfiques
Autor principal: Verne, Julio (Autor)
Format: Llibre
Idioma:espanyol
Publicat: Santiago Andrés Bello 1996
Edició:2a. ed
Matèries:
Etiquetes: Afegir etiqueta
Sense etiquetes, Sigues el primer a etiquetar aquest registre!

MARC

LEADER 00000nam a2200000 a 4500
001 UCH8449
003 CL-VaPUC
008 091127e19960000CL |||||||||||||||||spa|d
020 |a 9561312352 
082 0 4 |a 843  |b VER  |2 21 
100 0 |a Verne, Julio  |e author  |9 545029 
245 1 0 |a Miguel Strogoff 
250 |a 2a. ed 
300 |a 252 p 
942 |c BK 
945 |d 20091127 00:00:00 
260 |a Santiago  |b Andrés Bello  |c 1996 
650 0 |a Literatura  |9 259151 
650 0 |a Literatura francesa  |9 266330 
650 0 |a Novela francesa  |9 264985 
650 0 |a Escritores franceses   |9 450149 
650 0 |a Ficción   |9 376687 
650 0 |a Lectura  |9 307634 
650 0 |a Educación  |9 258661 
651 0 |a Francia  |9 255157 
583 |a last modification  |c 20091127 00:00:00  |k Rodrigo Vera 
999 |c 338661  |d 338659